Polski słownik biograficzny Tom LI/3, zeszyt 210 Świerczewski, Eugeniusz - Święcicki, Wojciech

Bibliographic Details
Format: Book
Language:Polish
PhysicalDescription:s. 321-480 30 cm
Published: Warszawa Kraków Instytut Historii PAN 2017
ISBN:9788363352776
9788386301010
Subjects:

MARC

LEADER 00000cam a2200000 a 4500
001 vtls011707608
003 SK-MaSNL
005 20260301044116.0
008 170821s2017 pl frhd 000 0dpol
020 |a 9788363352776  |q (brož. : Tom LI/3, zeszyt 210) 
020 |a 9788386301010  |q (súbor) 
040 |a SNK  |b slo  |c SNK  |e AACR2 
041 0 |a pol 
044 |a pl  |c PL 
245 0 0 |a Polski słownik biograficzny  |n Tom LI/3, zeszyt 210  |p Świerczewski, Eugeniusz - Święcicki, Wojciech  |c [redaktor naczelny: Andrzej Romanowski] 
246 3 0 |a Świerczewski, Eugeniusz - Święcicki, Wojciech 
260 |a Warszawa  |a Kraków  |b Instytut Historii PAN  |c 2017 
300 |a s. 321-480  |c 30 cm 
366 |e 1700 výt. 
500 |a Názov z obalu 
500 |a Nad názvom: Polska Akademia Nauk, Polska Akademia Umiejętności 
650 0 7 |a osobnosti  |2 SNKPH  |9 29820 
650 0 7 |a Celebrities  |2 SNKPHeng  |9 265203 
651 7 |a Poľsko  |2 SNKPH  |9 16755 
651 7 |a Poland  |2 SNKPHeng  |9 265193 
655 7 |a biografické slovníky  |2 SNKPH  |9 51960 
655 7 |a Biographical dictionaries  |2 SNKPHeng  |9 278210 
700 |a Romanowski, Andrzej  |4 red  |9 303301 
710 2 |a Polska Akademia Umiejętności  |4 oth  |9 110940 
710 2 |a Instytut Historii (Polska Akademia Nauk)  |4 oth  |9 303302 
710 2 |a Narodowy Program Rozwoju Humanistyki  |4 oth  |9 350005 
919 |a 978-83-63352-77-6 
958 |a PL 
958 |a BC 
999 |c 595213  |d 597143 
952 |a SNK  |b SNK  |y VYP  |7 0  |p 17A1303997  |o snkIB 18190/51/3  |i snk2017/24255  |8 2  |g 10.51  |0 0  |1 0  |4 0  |d 2017-08-21  |l 0  |r 2026-02-23 15:36:48  |w 2026-02-23